Statistiken für Alle Titel die Cristiano Ronaldo gewinnen konnte

Klicken Sie hier um das Quiz zu spielen!

Allgemein

  • Dieses Quiz wurde 256 mal gespielt
  • Das Durchschnittsergebnis liegt bei 17 aus 40

Antwortstatistiken

Saison/JahrVereinErfolg% Korrekt
2013/2014Real MadridChampions League
94%
2016/2017Real MadridChampions League
94%
2007/2008Manchester UnitedChampions League
94%
2015/2016Real MadridChampions League
94%
2016/2017Real MadridSpanischer Meister
77%
2011/2012Real MadridSpanischer Meister
77%
2018/2019Juventus TurinItalienischer Meister
73%
2019/2020Juventus TurinItalienischer Meister
72%
2016PortugalEuropameister
70%
2009Manchester UnitedEnglischer Meister
67%
2008Manchester UnitedEnglischer Meister
67%
2007Manchester UnitedEnglischer Meister
67%
2008Manchester UnitedBallon D´OR
51%
2013Real MadridBallon D´OR
51%
2014Real MadridBallon D´OR
51%
2017Real MadridBallon D´OR
51%
2016Real MadridBallon D´OR
51%
2019PortugalUEFA Nations League
47%
2013/2014Real MadridSpanischer Pokal
45%
2010/2011Real MadridSpanischer Pokal
45%
2016/2017Real MadridUEFA Supercup
28%
2014/2015Real MadridUEFA Supercup
28%
2017/2018Real MadridUEFA Supercup
28%
2020/2021Juventus TurinItalienischer Pokal
27%
2006Manchester UnitedEnglischer Ligapokal
19%
2009Manchester UnitedEnglischer Ligapokal
17%
2017/2018Real MadridSpanischer Superpokal
17%
2012/2013Real MadridSpanischer Superpokal
17%
2008Manchester UnitedFIFA Klub Weltmeister
16%
2014Real MadridFIFA Klub Weltmeister
16%
2016Real MadridFIFA Klub Weltmeister
16%
2017Real MadridFIFA Klub Weltmeister
16%
2016Real MadridWeltfußballer
16%
2017Real MadridWeltfußballer
16%
2020/2021Juventus TurinItalienischer Superpokal
13%
2018/2019Juventus TurinItalienischer Superpokal
13%
2008Manchester UnitedEnglischer Superpokal
11%
2007Manchester UnitedEnglischer Superpokal
11%
2017/2018Real MadridChampions League
3%
2002Sporting LissabonPortugiesischer Superpokal
0%

Verteilung der Resultate

Perzentil nach korrekt beantworteten Fragen

Anzahl Personen mit jedem Resultat

Ihre Resultats-Entwicklung

Sie haben dieses Quiz noch nicht gespielt